000 00225nam a2200097Ia 4500
008 120527s9999 xx 000 0 und d
100 _aSTEWART,Lain.
245 _aIbisa and formentera.
260 _bRough guides.
942 _cBK
999 _c23807
_d23807